000 00462cam a2200181ua 4500
003 OSt
008 240213b |||||||| |||| 00| 0 eng d
041 _aeng
082 _a371.33
_bKEM/PL
100 _aKemp, Jerold E .
_91563
100 _aDayton, Deane K
_91564
245 _aPlanning and Producing Instructional Media /
250 _a5 th
260 _aNew York :
_bHarper and Row Publishers ,
_c1980.
300 _a292 ; .
700 1 _a.
942 _cBK
999 _c3807
_d3807